|
|
|
|
| LEADER |
00000nam0a2200000 4500 |
| 001 |
73035 |
| 005 |
20231031084048.0 |
| 035 |
|
|
|a (RuTPU)RU\TPU\book\77871
|
| 090 |
|
|
|a 73035
|
| 100 |
|
|
|a 20050208d1988 m y0rusy50 ca
|
| 101 |
0 |
|
|a rus
|
| 102 |
|
|
|a RU
|
| 105 |
|
|
|a y z 000zy
|
| 200 |
1 |
|
|a Деловая игра в библиотеке
|f Московский инженерно-физический институт. Научно-техническая библиотека
|
| 210 |
|
|
|a Москва
|d 1988
|
| 215 |
|
|
|a 42 с.
|
| 610 |
1 |
|
|a библиотеки
|
| 610 |
1 |
|
|a деловые игры
|
| 610 |
1 |
|
|a методы обучения
|
| 610 |
1 |
|
|a квалификация
|
| 610 |
1 |
|
|a руководящие кадры
|
| 610 |
1 |
|
|a повышение
|
| 686 |
|
|
|a Ч737.13
|v LBC/SL-A
|2 rubbk
|
| 712 |
0 |
2 |
|a Московский инженерно-физический институт (Государственный университет) (МИФИ)
|b Научно-техническая библиотека
|2 stltpush
|3 (RuTPU)RU\TPU\col\105
|
| 801 |
|
1 |
|a RU
|b 63413507
|c 20050208
|g PSBO
|
| 801 |
|
2 |
|a RU
|b 63413507
|c 20161026
|g PSBO
|
| 942 |
|
|
|c BK
|